Empire of the summer moon : (Record no. 380)

MARC details
000 -LEADER
fixed length control field 02178cam a2200421 a 4500
005 - DATE AND TIME OF LATEST TRANSACTION
control field 20260322212017.0
008 - FIXED-LENGTH DATA ELEMENTS--GENERAL INFORMATION
fixed length control field data
010 ## - LIBRARY OF CONGRESS CONTROL NUMBER
LC control number 2009049747
020 ## - INTERNATIONAL STANDARD BOOK NUMBER
International Standard Book Number 9781416591054
020 ## - INTERNATIONAL STANDARD BOOK NUMBER
International Standard Book Number 9781416597155 (ebook)
020 ## - INTERNATIONAL STANDARD BOOK NUMBER
International Standard Book Number 9781416591061 (pbk.)
020 ## - INTERNATIONAL STANDARD BOOK NUMBER
International Standard Book Number 1416591060
040 ## - CATALOGING SOURCE
Original cataloging agency DLC
Transcribing agency DLC
Modifying agency DLC
043 ## - GEOGRAPHIC AREA CODE
Geographic area code n-usp--
050 00 - LIBRARY OF CONGRESS CALL NUMBER
Classification number E99.C85
Item number P3835 2010
082 00 - DEWEY DECIMAL CLASSIFICATION NUMBER
Classification number B
-- B
Edition information 22
092 ## - LOCALLY ASSIGNED DEWEY CALL NUMBER (OCLC)
Classification number 978.004 P3835 2010
001 - CONTROL NUMBER
control field data
100 1# - MAIN ENTRY--PERSONAL NAME
Personal name Gwynne, S. C.
Dates associated with a name 1953-
Fuller form of name (Samuel C.),
245 10 - TITLE STATEMENT
Title Empire of the summer moon :
Remainder of title Quanah Parker and the rise and fall of the Comanches, the most powerful Indian tribe in American history /
Statement of responsibility, etc. S. C. Gwynne.
250 ## - EDITION STATEMENT
Edition statement 1st Scribner hardcover ed.
260 ## - PUBLICATION, DISTRIBUTION, ETC.
Place of publication, distribution, etc. New York :
Name of publisher, distributor, etc. Scribner,
Date of publication, distribution, etc. c2010.
300 ## - PHYSICAL DESCRIPTION
Extent viii, 371 p., [8] p. of plates :
Other physical details ill., map ;
Dimensions 24 cm.
504 ## - BIBLIOGRAPHY, ETC. NOTE
Bibliography, etc. note Includes bibliographical references (p. 343-355) and index.
505 0# - FORMATTED CONTENTS NOTE
Formatted contents note A new kind of war -- A lethal paradise -- Worlds in collision -- High lonesome -- The wolf's howl -- Blood and smoke -- Dream visions and Apocalypse -- White squaw -- Chasing the wind -- Death's innocent face -- War to the knife -- White queen of the Comanches -- The rise of Quanah -- Uncivil wars -- Peace and other horrors -- The anti-Custer -- Mackenzie unbound -- The hide men and the messiah -- The Red River War -- Forward, in defeat -- This was a man -- Resting here until day breaks.
600 10 - SUBJECT ADDED ENTRY--PERSONAL NAME
Personal name Parker, Quanah,
Dates associated with a name 1845?-1911.
650 #0 - SUBJECT ADDED ENTRY--TOPICAL TERM
Topical term or geographic name entry element Comanche Indians
General subdivision Kings and rulers
Form subdivision Biography.
650 #0 - SUBJECT ADDED ENTRY--TOPICAL TERM
Topical term or geographic name entry element Comanche Indians
General subdivision Wars.
650 #0 - SUBJECT ADDED ENTRY--TOPICAL TERM
Topical term or geographic name entry element Comanche Indians
General subdivision History.
650 #0 - SUBJECT ADDED ENTRY--TOPICAL TERM
Topical term or geographic name entry element Frontier and pioneer life
Geographic subdivision West (U.S.)
651 #0 - SUBJECT ADDED ENTRY--GEOGRAPHIC NAME
Geographic name West (U.S.)
General subdivision History
Chronological subdivision 1848-1860.
651 #0 - SUBJECT ADDED ENTRY--GEOGRAPHIC NAME
Geographic name West (U.S.)
General subdivision History
Chronological subdivision 1860-1890.
651 #0 - SUBJECT ADDED ENTRY--GEOGRAPHIC NAME
Geographic name West (U.S.)
General subdivision History
Chronological subdivision 1890-1945.
651 #0 - SUBJECT ADDED ENTRY--GEOGRAPHIC NAME
Geographic name West (U.S.)
General subdivision Race relations.
906 ## - LOCAL DATA ELEMENT F, LDF (RLIN)
a 7
b cbc
c orignew
d 1
e ecip
f 20
g y-gencatlg
925 0# -
-- acquire
-- 2 shelf copies
-- policy default
955 ## - COPY-LEVEL INFORMATION (RLIN)
-- rf14 2009-12-01 telework
-- rf07 2009-12-03 telework; to Dewey
-- rd14 2009-12-03
-- rg04 2010-07-28 to CALM
-- Copy 2 to CALM
Holdings
Withdrawn status Lost status Damaged status Not for loan Home library Current library Shelving location Date acquired Total checkouts Full call number Barcode Date last seen Price effective from Koha item type
        Centerville Centerville General stacks 22/03/2026   978.004/974572 B 22 BC0010390 22/03/2026 22/03/2026 Books